000 00629nam a22002057a 4500
999 _c9946
_d9946
003 AR-CdUCM
008 190328b ||||| |||| 00| 0 spa d
020 _a978-84-236-8031-3
040 _aMUNICIPALIDAD PROVINCIAL DEL CUSCO
_cBIBLIOTECA MUNICIPAL DEL CUSCO
041 _hspa
082 _29ed.
_aES / 803 /
_bN29
100 _aJimenez, Juan Ramón
_92270
245 _aPlatero y yo contado a los niños /
260 _aEspaña :
_bEdebé,
_c2006.
300 _a187 páginas ;
_bIlustraciones.
_c25 cm.
650 _aLiteratura infantil
_9588
650 _aSiglo XXI
_92856
942 _2ddc
_cLIBROS
945 _apjha
_d2019-05-14